[Event "Muensterland Verbandsliga 1415"]
[Site "Germany"]
[Date "2015.01.31"]
[Round "6.7"]
[White "Kemper, Josef"]
[Black "Leeners, Stephan"]
[Result "1-0"]
[WhiteElo "1789"]
[BlackElo "1552"]
[PlyCount "71"]
[EventDate "2014.09.06"]
[EventType "team-tourn"]
[EventRounds "9"]
[EventCountry "GER"]
[SourceTitle "EXT 2016"]
[Source "ChessBase"]
[SourceDate "2015.10.08"]
[SourceVersion "1"]
[SourceVersionDate "2015.10.08"]
[SourceQuality "1"]
[WhiteTeam "Ahaus Wessum"]
[BlackTeam "Muenster V"]
[WhiteTeamCountry "GER"]
[BlackTeamCountry "GER"]

1. e4 e6 2. d4 d5 3. exd5 exd5 4. Nf3 Bd6 5. c4 c6 6. cxd5 cxd5 7. Be2 Ne7 8. 0-0 0-0 9. Nc3 a6 10. Bg5 f6 11. Bh4 Nf5 12. Qb3 Nxh4 13. Qxd5+ Kh8 14. Nxh4 Nc6 15. Qh5 Qe8 16. Rad1 Bd7 17. Qd5 Bb4 18. Rfe1 Qc8 19. Qh5 Qe8 20. Qd5 Qc8 21. Bd3 f5 22. Nf3 Qc7 23. Ng5 g6 24. Re3 Be7 25. Nf7+ Kg7 26. Ne5 Nxe5 27. dxe5 Bc6 28. Qb3 Rad8 29. Ree1 Rd4 30. Ne2 Ba4 31. Qc3 Qxc3 32. bxc3 Rd5 33. Nf4 Rd7 34. Ne6+ Kf7 35. Nxf8 Bxf8 36. e6+ 1-0

[Event "Muensterland Verbandsliga 1415"]
[Site "Germany"]
[Date "2014.12.20"]
[Round "5.7"]
[White "Schenke, Conrad"]
[Black "Kemper, Josef"]
[Result "0-1"]
[WhiteElo "1687"]
[BlackElo "1789"]
[PlyCount "76"]
[EventDate "2014.09.06"]
[EventType "team-tourn"]
[EventRounds "9"]
[EventCountry "GER"]
[SourceTitle "EXT 2016"]
[Source "ChessBase"]
[SourceDate "2015.10.08"]
[SourceVersion "1"]
[SourceVersionDate "2015.10.08"]
[SourceQuality "1"]
[WhiteTeam "Telgte"]
[BlackTeam "Ahaus Wessum"]
[WhiteTeamCountry "GER"]
[BlackTeamCountry "GER"]

1. e4 e5 2. Nf3 Nf6 3. Nc3 Nc6 4. Bc4 Bb4 5. d3 d6 6. h3 h6 7. Bd2 Be6 8. Nd5 Bc5 9. c3 Bxd5 10. exd5 Ne7 11. Bb5+ c6 12. dxc6 Bxf2+ 13. Kxf2 Qb6+ 14. Be3 Qxb5 15. cxb7 Qxb2+ 16. Qd2 Qxb7 17. Rab1 Qd7 18. Rb3 e4 19. Nd4 0-0 20. Rhb1 Nf5 21. Rb7 Qc8 22. Kg1 Nxe3 23. Qxe3 Qxc3 24. R7b3 Qa5 25. Nc6 Qxa2 26. dxe4 Rfe8 27. Nb4 Qa5 28. Qf3 Rxe4 29. Kh2 Qe5+ 30. Kh1 Re8 31. Nd3 Qe6 32. Nf4 Qc4 33. Rc3 Re1+ 34. Rxe1 Rxe1+ 35. Kh2 Qe4 36. Rc8+ Kh7 37. Qf2 Qe5 38. g3 Qe4 0-1

[Event "Muensterland Verbandsliga 1314"]
[Site "Germany"]
[Date "2014.02.01"]
[Round "6.6"]
[White "Kemper, Josef"]
[Black "Beyer, Dietmar"]
[Result "1/2-1/2"]
[WhiteElo "1778"]
[BlackElo "1964"]
[PlyCount "39"]
[EventDate "2013.09.07"]
[EventType "team-tourn"]
[EventRounds "9"]
[EventCountry "GER"]
[SourceTitle "EXT 2015"]
[Source "ChessBase"]
[SourceDate "2014.11.20"]
[SourceVersion "1"]
[SourceVersionDate "2014.11.20"]
[SourceQuality "1"]
[WhiteTeam "Ahaus Wessum"]
[BlackTeam "Heiden"]
[WhiteTeamCountry "GER"]
[BlackTeamCountry "GER"]

1. e4 c5 2. Nf3 e6 3. b3 Ne7 4. Bb2 d5 5. exd5 Nxd5 6. Bb5+ Bd7 7. Bxd7+ Nxd7 8. 0-0 N7f6 9. d4 cxd4 10. Qxd4 Nb4 11. Na3 Qxd4 12. Bxd4 Nbd5 13. Nb5 a6 14. Bxf6 gxf6 15. c4 0-0-0 16. cxd5 axb5 17. dxe6 fxe6 18. Rac1+ Kb8 19. Rfe1 e5 20. Kf1 1/2-1/2

[Event "Muensterland Verbandsliga 1314"]
[Site "Germany"]
[Date "2014.01.18"]
[Round "5.4"]
[White "Kipp, Lucas"]
[Black "Kemper, Josef"]
[Result "1/2-1/2"]
[WhiteElo "1895"]
[BlackElo "1778"]
[PlyCount "69"]
[EventDate "2013.09.07"]
[EventType "team-tourn"]
[EventRounds "9"]
[EventCountry "GER"]
[SourceTitle "EXT 2015"]
[Source "ChessBase"]
[SourceDate "2014.11.20"]
[SourceVersion "1"]
[SourceVersionDate "2014.11.20"]
[SourceQuality "1"]
[WhiteTeam "Saerbeck"]
[BlackTeam "Ahaus Wessum"]
[WhiteTeamCountry "GER"]
[BlackTeamCountry "GER"]

1. e4 e5 2. Nf3 Nf6 3. Nc3 Nc6 4. d4 exd4 5. Nxd4 Bc5 6. Be3 Nxd4 7. Bxd4 Qe7 8. Be2 Bxd4 9. Qxd4 d6 10. 0-0-0 0-0 11. Rhe1 Qe5 12. Qe3 a6 13. f4 Qa5 14. g4 Bxg4 15. Bxg4 Nxg4 16. Qg3 Nf6 17. Rg1 g6 18. Qh4 Kg7 19. Rg5 Qb4 20. Rf5 Ng8 21. Rfd5 Rae8 22. R5d4 Qb6 23. Nd5 Qa5 24. Kb1 c6 25. Ne3 d5 26. e5 Qd8 27. Qg3 f5 28. c4 Ne7 29. cxd5 Nxd5 30. Nxd5 cxd5 31. Rxd5 Qb6 32. Rd7+ Rf7 33. Qh4 Ref8 34. a3 Qc6 35. R7d6 1/2-1/2

[Event "Muensterland Verbandsliga 1314"]
[Site "Germany"]
[Date "2013.12.07"]
[Round "4.5"]
[White "Sandmann, Sebastian"]
[Black "Kemper, Josef"]
[Result "0-1"]
[WhiteElo "1683"]
[BlackElo "1778"]
[PlyCount "108"]
[EventDate "2013.09.07"]
[EventType "team-tourn"]
[EventRounds "9"]
[EventCountry "GER"]
[SourceTitle "EXT 2015"]
[Source "ChessBase"]
[SourceDate "2014.11.20"]
[SourceVersion "1"]
[SourceVersionDate "2014.11.20"]
[SourceQuality "1"]
[WhiteTeam "Ostbevern Westbevern"]
[BlackTeam "Ahaus Wessum"]
[WhiteTeamCountry "GER"]
[BlackTeamCountry "GER"]

1. e4 e5 2. Nf3 Nf6 3. Nc3 Nc6 4. Bb5 d6 5. d4 exd4 6. Nxd4 Bd7 7. Nf5 Ne7 8. Ng3 Bxb5 9. Nxb5 Qd7 10. Qd3 a6 11. Nd4 Nc6 12. Bg5 Be7 13. Nxc6 bxc6 14. Nf5 0-0 15. Nxe7+ Qxe7 16. 0-0 Qxe4 17. Bxf6 Qxd3 18. cxd3 gxf6 19. Rac1 c5 20. d4 cxd4 21. Rxc7 Rfc8 22. Rfc1 Rxc7 23. Rxc7 Re8 24. Kf1 d3 25. Rc1 Re2 26. Rb1 Rc2 27. Ke1 Kf8 28. a4 Ke8 29. b4 Kd7 30. b5 d2+ 31. Kd1 Rc1+ 32. Rxc1 dxc1Q+ 33. Kxc1 axb5 34. axb5 Kc7 35. Kd2 Kb6 36. Kd3 Kxb5 37. Kd4 Kc6 38. g4 d5 39. f4 Kd6 40. h3 Kc6 41. h4 Kd6 42. g5 fxg5 43. fxg5 Ke6 44. h5 Kf5 45. g6 fxg6 46. hxg6 hxg6 47. Kxd5 g5 48. Kd4 Kf4 49. Kd3 Kf3 50. Kd2 Kf2 51. Kd3 g4 52. Ke4 g3 53. Kd4 g2 54. Ke5 g1Q 0-1

[Event "Muensterland Verbandsklasse-A 1213"]
[Site "Germany"]
[Date "2013.01.26"]
[Round "5.7"]
[White "Kaisel, Rene"]
[Black "Kemper, Josef"]
[Result "1/2-1/2"]
[WhiteElo "1425"]
[BlackElo "1738"]
[PlyCount "42"]
[EventDate "2012.09.15"]
[EventType "team-tourn"]
[EventRounds "9"]
[EventCountry "GER"]
[SourceTitle "EXT 2015"]
[Source "ChessBase"]
[SourceDate "2014.11.20"]
[SourceVersion "1"]
[SourceVersionDate "2014.11.20"]
[SourceQuality "1"]
[WhiteTeam "Neuenkirchen II"]
[BlackTeam "Ahaus Wessum"]
[WhiteTeamCountry "GER"]
[BlackTeamCountry "GER"]

1. d4 d5 2. Nf3 Nf6 3. e3 e6 4. Be2 c5 5. 0-0 Nc6 6. c4 dxc4 7. Bxc4 cxd4 8. exd4 Be7 9. Nc3 0-0 10. h3 a6 11. Bf4 b5 12. Bb3 Bb7 13. d5 exd5 14. Nxd5 Nxd5 15. Bxd5 Bf6 16. Rb1 Qd7 17. Be4 Qe6 18. Qd5 Qxd5 19. Bxd5 Rad8 20. Rfd1 Na5 21. Bxb7 Nxb7 1/2-1/2

[Event "Muensterland Verbandsklasse-A 1011"]
[Site "Germany"]
[Date "2011.01.29"]
[Round "6.3"]
[White "Sundorf, Jannik"]
[Black "Kemper, Josef"]
[Result "1-0"]
[WhiteElo "1947"]
[BlackElo "1763"]
[PlyCount "56"]
[EventDate "2010.09.18"]
[EventType "team-tourn"]
[EventRounds "9"]
[EventCountry "GER"]
[SourceTitle "EXT 2012"]
[Source "ChessBase"]
[SourceDate "2011.11.24"]
[SourceVersion "1"]
[SourceVersionDate "2011.11.24"]
[SourceQuality "1"]
[WhiteTeam "Muenster SK III"]
[BlackTeam "Ahaus Wessum II"]
[WhiteTeamCountry "GER"]
[BlackTeamCountry "GER"]

1. e4 e5 2. Nf3 Nf6 3. Nxe5 d6 4. Nf3 Nxe4 5. Nc3 Nxc3 6. dxc3 Be7 7. Be3 Bg4 8. h3 Be6 9. Qd2 Nc6 10. 0-0-0 Qd7 11. Kb1 a6 12. Ng5 Bxg5 13. Bxg5 f6 14. Be3 Qf7 15. a3 b5 16. g4 Na5 17. Bg2 Rd8 18. f4 Qd7 19. f5 Bf7 20. Bd4 0-0 21. Qf4 h6 22. h4 Nc6 23. Bxc6 Qxc6 24. g5 Bd5 25. Rh3 Rde8 26. gxf6 Re4 27. Qd2 Rxd4 28. Qxd4 Ba2+ 1-0

[Event "Muensterland Verbandsklasse-A 1011"]
[Site "Germany"]
[Date "2010.10.09"]
[Round "2.3"]
[White "Kemper, Josef"]
[Black "Grund, Wolfgang"]
[Result "0-1"]
[WhiteElo "1763"]
[BlackElo "1834"]
[PlyCount "90"]
[EventDate "2010.09.18"]
[EventType "team-tourn"]
[EventRounds "9"]
[EventCountry "GER"]
[SourceTitle "EXT 2012"]
[Source "ChessBase"]
[SourceDate "2011.11.24"]
[SourceVersion "1"]
[SourceVersionDate "2011.11.24"]
[SourceQuality "1"]
[WhiteTeam "Ahaus Wessum II"]
[BlackTeam "Duelmen"]
[WhiteTeamCountry "GER"]
[BlackTeamCountry "GER"]

1. e4 c5 2. Nc3 Nc6 3. g3 d6 4. Bg2 e5 5. d3 Be7 6. Nge2 Be6 7. f4 f6 8. f5 Bf7 9. 0-0 h5 10. h3 Qd7 11. a3 g6 12. fxg6 Bxg6 13. Nd5 0-0-0 14. b4 Bf7 15. b5 Bxd5 16. exd5 Nb8 17. Rb1 f5 18. b6 a6 19. Be3 Rf8 20. c3 Nf6 21. d4 h4 22. dxe5 dxe5 23. Qc2 Nh5 24. d6 Bxd6 25. Rbd1 Qe6 26. Qd3 Be7 27. Bd5 Qg6 28. Qc4 Nxg3 29. Be6+ Nd7 30. Bxc5 Ne4+ 31. Kh2 Nexc5 32. Rxd7 Qxe6 33. Qxe6 Nxe6 34. Rxe7 Rh6 35. Rd1 Ng5 36. Rdd7 Rxb6 37. Kg2 e4 38. Nd4 Rb2+ 39. Kf1 Nxh3 40. a4 Rg8 41. Ne2 Rb1+ 42. Nc1 Rxc1+ 43. Ke2 Rg2+ 44. Ke3 Rg3+ 45. Kd4 Rd1+ 0-1

[Event "Muensterland Verbandsklasse-A 0910"]
[Site "Germany"]
[Date "2009.11.21"]
[Round "3.1"]
[White "Schulze Schwering, Philipp"]
[Black "Kemper, Josef"]
[Result "1-0"]
[WhiteElo "1982"]
[BlackElo "1779"]
[PlyCount "115"]
[EventDate "2009.09.19"]
[EventType "team-tourn"]
[EventRounds "9"]
[EventCountry "GER"]
[SourceTitle "EXT 2011"]
[Source "ChessBase"]
[SourceDate "2010.11.26"]
[SourceVersion "1"]
[SourceVersionDate "2010.11.26"]
[SourceQuality "1"]
[WhiteTeam "Borken"]
[BlackTeam "Ahaus Wessum II"]
[WhiteTeamCountry "GER"]
[BlackTeamCountry "GER"]

1. d4 d5 2. Nf3 Nf6 3. c4 dxc4 4. Nc3 e6 5. e3 a6 6. Bxc4 c5 7. 0-0 Nc6 8. a3 cxd4 9. exd4 Bd6 10. Bg5 h6 11. Bh4 0-0 12. Qd3 Be7 13. Bb3 e5 14. Bxf6 Bxf6 15. Bc2 g6 16. d5 Nd4 17. Rfe1 Bf5 18. Ne4 Nxc2 19. Qxc2 Bg7 20. Rad1 Qb6 21. Qc5 Qxc5 22. Nxc5 b6 23. Na4 Bc2 24. Nxb6 Bxd1 25. Rxd1 Rab8 26. Nc4 e4 27. Nd4 Bxd4 28. Rxd4 f5 29. b4 Rfc8 30. g3 Kf8 31. Ne5 Ke7 32. Nc6+ Kd6 33. Nxb8 Rxb8 34. Rc4 Kxd5 35. Rc5+ Kd6 36. Ra5 Rb6 37. h4 Ke6 38. Kf1 g5 39. hxg5 hxg5 40. g4 fxg4 41. Rxg5 Kf6 42. Ra5 Re6 43. Kg2 e3 44. fxe3 Rxe3 45. Rxa6+ Kf5 46. b5 Rb3 47. a4 Rb2+ 48. Kf1 Kf4 49. Rf6+ Kg3 50. b6 Rb1+ 51. Ke2 Kg2 52. a5 g3 53. a6 Rb2+ 54. Kd3 Rf2 55. Rg6 Rf3+ 56. Kc4 Kf2 57. b7 g2 58. b8Q 1-0

[Event "Muensterland Verbandsklasse-A 0910"]
[Site "Germany"]
[Date "2009.09.19"]
[Round "1.1"]
[White "Kemper, Josef"]
[Black "Voss, Norbert"]
[Result "1/2-1/2"]
[WhiteElo "1779"]
[BlackElo "1853"]
[PlyCount "22"]
[EventDate "2009.09.19"]
[EventType "team-tourn"]
[EventRounds "9"]
[EventCountry "GER"]
[SourceTitle "EXT 2011"]
[Source "ChessBase"]
[SourceDate "2010.11.26"]
[SourceVersion "1"]
[SourceVersionDate "2010.11.26"]
[SourceQuality "1"]
[WhiteTeam "Ahaus Wessum II"]
[BlackTeam "Muenster SK IV"]
[WhiteTeamCountry "GER"]
[BlackTeamCountry "GER"]

1. e4 Nc6 2. d4 e5 3. dxe5 Nxe5 4. Nf3 Nxf3+ 5. Qxf3 Qf6 6. Qxf6 Nxf6 7. Bd3 Bb4+ 8. Bd2 Bxd2+ 9. Kxd2 d6 10. c4 Bd7 11. Nc3 0-0-0 1/2-1/2